Lịch sử giáo dục thế giới

Kaydedildi:
Detaylı Bibliyografya
Yazar: Hà, Nhật Thăng
Materyal Türü: Kitap
Dil:Undetermined
Baskı/Yayın Bilgisi: Hà Nội Giáo Dục 1997
Konular:
Etiketler: Etiketle
Etiket eklenmemiş, İlk siz ekleyin!
Thư viện lưu trữ: Trung tâm Học liệu Trường Đại học Cần Thơ
LEADER 00565nam a2200205Ia 4500
001 CTU_28299
008 210402s9999 xx 000 0 und d
020 |b 11.700đ 
082 |a 370 
082 |b Th116 
100 |a Hà, Nhật Thăng 
245 0 |a Lịch sử giáo dục thế giới 
245 0 |c Hà Nhật Thăng, Đào Thanh Âm 
260 |a Hà Nội 
260 |b Giáo Dục 
260 |c 1997 
650 |a Education 
650 |x History 
904 |i Minh, 990121 
980 |a Trung tâm Học liệu Trường Đại học Cần Thơ